000 003310000a22001450004500
003 MACL
040 _aMACL
090 _c49816
_d49814
100 _aKrishnamurti
245 _aKrishnamurti for Beginners
260 _aChennai
_bKrishnamurti Foundation India
_c2000
350 _a120
650 _aAnthology
942 _cBOOK
_k921/KRI
999 _c49289
_d49289